Butlletí pressupostari mensual : any ... any ...
Publicado:
Barcelona :
Diputació de Barcelona. Àrea d'Hisenda i Recursos Interns. Direcció de Serveis de Planificació Econòmica. Servei de Programació ,
2008
Descripción Física:
taules, gràf. ; 2009
MARC
| LEADER | 00000nam a2200000Ia 4500 | ||
|---|---|---|---|
| 001 | 21932 | ||
| 008 | 160829s2008 xx 000 0 cat d | ||
| 080 | |a Pressupostos | ||
| 245 | |a Butlletí pressupostari mensual : |b any ... | ||
| 260 | |a Barcelona : |b Diputació de Barcelona. Àrea d'Hisenda i Recursos Interns. Direcció de Serveis de Planificació Econòmica. Servei de Programació, |c 2008 | ||
| 300 | |a taules, gràf. ; |c 2009 | ||
| 610 | 1 | 0 | |a Barcelona (Catalunya : Província). |b Diputació |x Assignacions pressupostàries i despeses |9 53789 |
| 710 | |a Barcelona (Catalunya : Província). |b Servei de Programació |9 53631 | ||
| 866 | |a 2008 (gen.- des.) | ||
| 901 | |a Arxiu | ||
| 942 | |n 1 | ||
| 952 | |0 0 |1 0 |4 0 |6 PRESSUPOSTOS |7 1 |9 51994 |a Arxiu |b Arxiu |d 2016-12-01 |l 0 |o Pressupostos |p 21932 |r 2016-12-01 00:00:00 |w 2016-12-01 |y ARXIU | ||
| 999 | |c 55841 |d 55841 | ||